The New Public Finance. (Record no. 349016)

000 -LEADER
fixed length control field 00433 a2200157 4500
020 ## - INTERNATIONAL STANDARD BOOK NUMBER
International Standard Book Number 9780195179972
022 ## - INTERNATIONAL STANDARD SERIAL NUMBER
International Standard Serial Number 9780195179972
082 ## - DEWEY DECIMAL CLASSIFICATION NUMBER
Classification number 336
090 ## - LOCALLY ASSIGNED LC-TYPE CALL NUMBER (OCLC); LOCAL CALL NUMBER (RLIN)
-- 6665
-- 6665
100 ## - MAIN ENTRY--PERSONAL NAME
Personal name Kaul,Inge
245 ## - TITLE STATEMENT
Title The New Public Finance.
Remainder of title Responding to Global Challenges.
Statement of responsibility, etc. Inge Kaul
260 ## - PUBLICATION, DISTRIBUTION, ETC.
Place of publication, distribution, etc. New York
Name of publisher, distributor, etc. The United Nations development Programme.
Date of publication, distribution, etc. 2006.
300 ## - PHYSICAL DESCRIPTION
Extent 664p.
500 ## - GENERAL NOTE
General note Paper cover
942 ## - ADDED ENTRY ELEMENTS (KOHA)
Institution code [OBSOLETE] NBS
Koha item type Book
Call number prefix 336 KAU
Holdings
Withdrawn status Lost status Damaged status Not for loan Permanent Location Current Location Date acquired Total Checkouts Full call number Barcode Date last seen Date last checked out Price effective from Koha item type
        Central Library (CL) Central Library (CL) 08/28/2013 1 336 KAU NBS8867 11/22/2017 08/09/2017 08/28/2013 Book
© 2023 Central Library, National University of Sciences and Technology. All Rights Reserved.